| 000 | 00985cam a22002891 4500 | ||
|---|---|---|---|
| 001 | gs 50000260 | ||
| 003 | DLC | ||
| 005 | 20260227111357.0 | ||
| 008 | 891017s1950 sw ab b 000 0 swe c | ||
| 010 | _ags 50000260 | ||
| 035 | _a(OCoLC)20504121 | ||
| 040 |
_aU.S. Geol. Survey. Libr. _cCU _dCU _dDLC |
||
| 041 | 0 |
_aswe _beng |
|
| 042 | _apremarc | ||
| 050 | 0 | 0 |
_aQE282 _b.A3 ser. C, no. 500 |
| 082 | _a554.85 | ||
| 100 | 1 |
_aArrhenius, Olof, _d1895- |
|
| 245 | 0 | 0 | _aMarkreaktionen hos sydsvenska jordar. |
| 260 |
_aStockholm, _bNorstedt, _c1950. |
||
| 300 |
_a16 p. _billus., 5 fold. maps. _c24 cm. |
||
| 490 | 1 |
_aSveriges geologiska undersökning. Ser. C. Avhandlingar och uppsatser, _vn:o 500. Årsbok 42 (1948) n:o 9 |
|
| 500 | _aSummary: Soil acidity in southern Sweden. | ||
| 504 | _a"Litteratur": p. 16. | ||
| 650 | 0 |
_aSoils _zSweden. |
|
| 830 | 0 |
_aSer. C--Avhandlingar och uppsatser ; _vn:o 500. |
|
| 830 | 0 |
_aÅrsbok (Sveriges geologiska undersökning) ; _v42 : n:o 9. |
|
| 999 |
_c28499 _d28499 |
||